[Event "African Club-chT"]
[Site "Gizeh"]
[Date "2017.07.26"]
[Round "3.4"]
[White "Ismail, Youssef"]
[Black "Farahat, Ali"]
[Result "0-1"]
[WhiteElo "2159"]
[BlackElo "2420"]
[PlyCount "140"]
[EventDate "2017.07.24"]
[EventType "team-tourn"]
[EventRounds "7"]
[EventCountry "EGY"]
[SourceTitle "EXT 2020"]
[Source "ChessBase"]
[SourceDate "2019.10.17"]
[SourceVersion "1"]
[SourceVersionDate "2019.10.17"]
[SourceQuality "1"]
[WhiteTeam "Mokawlon Aswan"]
[BlackTeam "Alhawar"]
[WhiteTeamCountry "EGY"]
[BlackTeamCountry "EGY"]

1. Nf3 Nf6 2. c4 e6 3. d4 Bb4+ 4. Bd2 Bxd2+ 5. Nbxd2 d6 6. e4 0-0 7. b4 e5 8. d5 a5 9. a3 axb4 10. axb4 Rxa1 11. Qxa1 Na6 12. Qc3 c6 13. Bd3 Qb6 14. b5 Nc5 15. bxc6 bxc6 16. 0-0 Bg4 17. Rb1 Qc7 18. Ne1 h6 19. f3 Bd7 20. Nb3 Nxd3 21. Qxd3 Qa7+ 22. Kh1 cxd5 23. cxd5 Qf2 24. Nc2 Rb8 25. Qd2 Qh4 26. Qe1 Qg5 27. Qe3 Ba4 28. Qxg5 hxg5 29. Nca1 g4 30. Kg1 gxf3 31. gxf3 Nh5 32. Kf2 Nf4 33. Ke3 g6 34. Nd2 Rc8 35. Rb6 Rc1 36. Nab3 Re1+ 37. Kf2 Re2+ 38. Kg1 Rg2+ 39. Kh1 g5 40. h3 Bxb3 41. Nxb3 Rb2 42. Rb7 Rf2 43. Na5 Rxf3 44. Nc4 Rxh3+ 45. Kg1 Rg3+ 46. Kf2 Rg2+ 47. Kf1 g4 48. Rb3 Ra2 49. Rg3 Ra1+ 50. Kf2 Ra2+ 51. Kf1 Ra6 52. Rxg4+ Kf8 53. Rg3 Nh5 54. Rf3 Ke7 55. Ke2 Nf4+ 56. Kd2 Ra4 57. Rc3 f5 58. exf5 Nxd5 59. Rc1 Nf6 60. Ne3 d5 61. Rc6 Ra2+ 62. Ke1 d4 63. Re6+ Kf7 64. Rxe5 dxe3 65. Rxe3 Nd5 66. Re6 Nf4 67. Rb6 Ng2+ 68. Kd1 Ne3+ 69. Kc1 Rh2 70. f6 Rh1+ 0-1

[Event "Cairo Egyptian op"]
[Site "Cairo"]
[Date "2016.04.22"]
[Round "1"]
[White "Hafez, Magdy Mohamed"]
[Black "Ismail, Youssef"]
[Result "0-1"]
[WhiteElo "1782"]
[BlackElo "2164"]
[PlyCount "58"]
[EventDate "2016.04.22"]
[EventType "swiss"]
[EventRounds "9"]
[EventCountry "EGY"]
[SourceTitle "CBM 172 Extra"]
[Source "ChessBase"]
[SourceDate "2016.06.21"]
[SourceVersion "1"]
[SourceVersionDate "2016.06.21"]
[SourceQuality "1"]

1. d4 d5 2. e4 dxe4 3. Nc3 f5 4. g4 fxg4 5. Nxe4 Nc6 6. d5 Ne5 7. Qd4 Nf7 8. Be3 Nf6 9. 0-0-0 a6 10. Nc5 g6 11. Ne6 Bxe6 12. dxe6 Nd6 13. h3 Qc8 14. Bc4 c5 15. Qc3 b5 16. Rxd6 Qb7 17. f3 bxc4 18. Rd7 Qc6 19. Qe5 gxf3 20. Rh2 Bg7 21. Rhd2 0-0 22. Rxe7 Rae8 23. Rdd7 Rxe7 24. Rxe7 Qd5 25. Qc7 Nh5 26. Qd7 Qe5 27. Bf2 Qxb2+ 28. Kd2 Qc3+ 29. Kd1 Bh6 0-1

[Event "Cairo Egyptian op"]
[Site "Cairo"]
[Date "2012.11.17"]
[Round "6"]
[White "Ismail, Youssef"]
[Black "Elgabry, Mohsen"]
[Result "0-1"]
[WhiteElo "2153"]
[BlackElo "2341"]
[PlyCount "68"]
[EventDate "2012.11.12"]
[EventType "swiss"]
[EventRounds "9"]
[EventCountry "EGY"]
[SourceTitle "EXT 2014"]
[Source "ChessBase"]
[SourceDate "2013.11.20"]
[SourceVersion "1"]
[SourceVersionDate "2013.11.20"]
[SourceQuality "1"]

1. d4 Nf6 2. c4 c5 3. d5 e5 4. Nc3 d6 5. e4 Be7 6. Bd3 0-0 7. Nge2 Ne8 8. 0-0 Nd7 9. f4 exf4 10. Bxf4 Bf6 11. h3 a6 12. a4 Be5 13. b3 Rb8 14. Rc1 Nc7 15. Qd2 Bxf4 16. Nxf4 Ne5 17. Bb1 b5 18. axb5 axb5 19. Nd1 bxc4 20. bxc4 Nxc4 21. Rxc4 Rxb1 22. Rc3 Ba6 23. Rf2 Qg5 24. Kh2 Qe5 25. Rg3 Ne8 26. Nc3 Rb4 27. h4 Nf6 28. Rg5 Nxe4 29. Rxe5 Nxd2 30. Rg5 h6 31. Rf5 Nf1+ 32. Kg1 Ng3 33. Ng6 Nxf5 34. Nxf8 Bc8 0-1